00488nam a2200133Ia 4500008004100000100002300041245009700064245008200161260004000243260000900283300002600292650001400318650002200332170224s9999 xx 000 0 und d aChris Michael Kirk 4aThe power of student empowerment: Measuring classroom predictors and individual indicators  cChris Michael Kirk, Rhonda K. Lewis, Kyrah Brown, Brittany Karibo & Elle Park bThe Journal of Educational Research c2016 a109:6, Pages: 589-595 xEducation xSpecial Education